LEADER 01045nam a2200241 i 4500 001 000000167529 003 CaOOAMICUS 005 20110209000000.0 008 110209s1990 it u000 u ita u 013 $a144914 040 $aSeMil$bita 100 0 $aAutori Vari.$0(OLS)http://semarc/name/4368 245 12$aI papi del 20. secolo :$bcento anni di storia della Chiesa: protagonisti e problemi /$cVari Autori. 260 $aCinisello Balsamo :$bEdizioni Paoline,$c1990. 300 $a319 p. :$bill. ;$c24 cm. 490 0 $aStoria facile ;$v4 650 4$aPapi - Storia - Sec. 20.$0(OLS)http://semarc/subject/31930 830 0$aStoria facile ;$v4.$0(OLS)http://semarc/title/27943 850 $aSeMil 852 $aSeMil$W1$xVenegono$y1$m3A IV 34$j118680$B118680$CSeMilBibl$Z2$F166179 $81 961 $aOmaggio: Altro 996 $6245$aI papi del 20. secolo :$bcento anni di storia della Chiesa: protagonisti e problemi$9(OLS)http://semarc/title/239642 996 $6260$aCinisello Balsamo :$bEdizioni Paoline$9(OLS)http://semarc/publisher/36103 LEADER 01704nam a2200325 i 4500 001 000000219647 003 CaOOAMICUS 005 20130403000000.0 008 130403s2013 gw u000 u ger u 013 $a198544 020 $a978-3-7887-2581-5 020 $ae-978-3-7887-2605-8 040 $aSeMil$bita 100 1 $aYamayoshi, Tomohisa <1978- >.$0(OLS)http://semarc/name/77072 245 10$aVon der Auslösung zur Erlösung :$bStudien zur Wurzel PDY im Alten Orient und im Alten Testament /$cTomohisa Yamayoshi. 260 $aNeukirchen-Vluyn :$bNeukirchener,$c2013. 300 $aXIII, 399 p. ;$c23 cm. 490 0 $aWissenschaftliche Monographien zum Alten und Neuen Testament ;$v134. 650 4$aBibbia. Antico Testamento - Analisi narrativa e linguistica.$0(OLS)http://semarc/subject/59792 650 4$aBibbia. Antico Testamento - Commentari, studi, critica, interpretazioni.$0(OLS)http://semarc/subject/2 650 4$aBibbia - Arte.$0(OLS)http://semarc/subject/30285 650 4$aPdy .$0(OLS)http://semarc/subject/40530 830 0$aWissenschaftliche Monographien zum Alten und Neuen Testament ;$v134.$0(OLS)http://semarc/title/114 850 $aSeMil 852 $aSeMil$W1$xVenegono$y1$m2XA T 134$j262702$B170008$CSeMilBibl$Z2$F180746 $81 961 $aSottoscrizione: Neukirchener 996 $6020$a978-3-7887-2581-5$9(OLS)http://semarc/number/217829 996 $6020$ae-978-3-7887-2605-8$9(OLS)http://semarc/number/217830 996 $6245$aVon der Auslösung zur Erlösung :$bStudien zur Wurzel PDY im Alten Orient und im Alten Testament$9(OLS)http://semarc/title/315079 996 $6260$aNeukirchen-Vluyn :$bNeukirchener$9(OLS)http://semarc/publisher/29645